000 00370 a2200169 4500
001 73519
020 _a8501005304
040 _cAnchieta - Colégio São Paulo
100 _aAmado, Jorge
240 1 0 _aCapitães da areia
_lpor
245 1 0 _aCapitães da areia
300 _a256
362 0 _a2003
440 1 _aRecord
650 4 _aFicção brasileira
942 _cBK
999 _c73519
_d73519